000 00528nam a2200169Ia 4500
003 Ost
005 20260507075700.0
008 260507s9999||||xx |||||||||||||| ||und||
040 _cfsecg
041 _aara
100 _aشحاته، احمد بسيوني
_eمؤلف
245 0 _aمحاسبة الشركات :
_bاشخاص و اموال /
_c احمد بسيوني شحاته
260 _aالاسكندرية:
_bالدار الجامعية,
_c2000
300 _a574 صفحة؛
653 _aمحاسبة
942 _cكتاب
999 _c45806
_d45806